000 00341 a2200157 4500
001 75798
020 _a9788535630619
040 _cAnchieta - Colégio São Paulo
100 _aBastos, Ayssa Lima
240 1 0 _aAguardados
_lpor
245 1 0 _aAguardados
300 _a[102]
362 0 _a2012
650 4 _aLiteratura juvenil
942 _cBK
999 _c75798
_d75798